| 000 | 00511nam a2200193Ia 4500 | ||
|---|---|---|---|
| 005 | 20250127002749.0 | ||
| 008 | 240331s9999 xx 000 0 und d | ||
| 020 | _a9062249868 | ||
| 082 |
_bWIC _23498 _a304.2 |
||
| 100 | _aWickramasinghe, A | ||
| 245 | 0 |
_aDeforestation, Women and Forestry: _bThe Case of Sri Lanka |
|
| 260 |
_aUtrecht _bInternational Books _c1994 |
||
| 300 | _a112 p., | ||
| 650 | _aWomen | ||
| 650 | _aEnvironment | ||
| 650 | _aForestry | ||
| 650 | _aSustainable Development | ||
| 942 | _cL | ||
| 999 |
_c1477 _d1477 |
||